| 000 | 01071cam a22002771i 4500 | ||
|---|---|---|---|
| 003 | SA-RiAUC | ||
| 005 | 20241215142805.0 | ||
| 008 | 241214s1999 jo g 00000 ara c | ||
| 040 |
_aSA-RiAUC _bara _cSA-RiAUC _erda |
||
| 050 | 4 | _b.H37 1999 | |
| 082 | 0 | 4 | _a257.5 |
| 090 |
_a257.5 _b ح ر ي |
||
| 100 | 1 |
_aالحريري، إبراهيم محمد _eمؤلف. |
|
| 245 | 1 | 2 |
_aالقواعد والضوابط الفقهية لنظام القضاء في الإسلام / _cتأليف إبراهيم محمد الحريري. |
| 250 | _aالطبعة الأولى. | ||
| 264 | 1 |
_aعمان، الأردن : _bدار عمار، _c1999 |
|
| 264 | 2 |
_aعمان، الأردن : _bتوزيع أسامة |
|
| 300 |
_a216 صفحة ؛ _c24 سم |
||
| 336 |
_aنص _btxt _2rdacontent _3كتاب |
||
| 337 |
_aبدون وسيط _bn _2rdamedia |
||
| 338 |
_aمجلد _bnc _2rdacarrier |
||
| 650 | 7 |
_aالقضاء في الإسلام _2aucsh |
|
| 650 | 7 |
_aالشريعة الإسلامية _2aucsh |
|
| 942 |
_2ddc _cBOOK _n0 |
||
| 949 |
_aSA-JeALM _d241214 _umohamedma123 _n1 |
||
| 999 |
_c3537 _d3537 |
||